=LDR 00000nam 2200000 4500 =001 INLIS000000000036413 =005 20130612142213 =008 ***********************************Ind** =035 ##$$a0010-061300000036413 =041 ##$$a Ind =082 ##$$a 641.865 4 =090 ##$$a 641.865 4, Pur k =100 ##$$a Purwadaria, Semiyati =245 ##$$a Kue-kue untuk bakeri, Semiyati Purwadaeia =260 ##$$a 2011 $b Jakarta =300 ##$$a 134 hlm, ilus, 23 cm =650 ##$$a Kue =850 ##$$a NBPNMAT =990 ##$$a 21195743/BPAP-NTB/2014